000 00931nam a2200313 a 4500
003 AR-BaBNM
005 20251128204107.0
008 082120s2002 ||||||||||||||000 | spa||
020 _a950-25-1405-X
040 _cAR-BaBNM
100 1 _aFernández, Arturo
245 0 0 _aIdeologías de los grupos dirigentes sindicales
_b[1966-1973]. 2
260 _aBuenos Aires
_bCentro Editor de América Latina
_c1986
300 _a143 p.
490 0 _aBiblioteca política Argentina
_v144
500 _aCGT:Confederación General de Trabajadores
500 _aApéndice documental en p. 132-140
504 _aBibliografía en p. 141-143
650 4 _aHISTORIA ARGENTINA
650 4 _aPOLITICA
650 4 _aHISTORIA DE LAS IDEAS
650 4 _aIDEOLOGIAS POLITICAS
650 4 _aSINDICATOS
650 4 _aMOVIMIENTO OBRERO
651 4 _aArgentina
800 1 _aTroncoso, Oscar
_edirector
942 _cBK
998 _cenrique
999 _c6146
_d6146